000 00555nam a2200229Ia 4500
003 OSt
005 20220918221116.0
006 a|||||r|||| 00| 0
007 ta
008 220917b |||||||| |||| 00| 0 eng d
024 _a148,295
037 _cTextual
040 _aARTS
_cARTS
_beng
041 _2eng
_aeng
082 _aS8:77, G9;1
100 _aAlbig William
_9139110
245 0 _aPublic opinion
260 _c1939
650 _aSOCIAL PSYCHOLOGY
942 _hS8:77, G9;1
_cTEXL
_2CC
999 _c270972
_d270972